Art Secrets and Shortcuts (Record no. 571)
[ view plain ]
| 000 -LEADER | |
|---|---|
| fixed length control field | 00243nam a2200097Ia 4500 |
| 008 - FIXED-LENGTH DATA ELEMENTS--GENERAL INFORMATION | |
| fixed length control field | 200302s9999 xx 000 0 und d |
| 100 ## - MAIN ENTRY--PERSONAL NAME | |
| Personal name | Fritz Willis |
| 245 ## - TITLE STATEMENT | |
| Title | Art Secrets and Shortcuts |
| 260 ## - PUBLICATION, DISTRIBUTION, ETC. | |
| Name of publisher, distributor, etc. | Walter T. Foster Publication |
| 300 ## - PHYSICAL DESCRIPTION | |
| Extent | 34 P., |
| Withdrawn status | Lost status | Damaged status | Not for loan | Permanent Location | Current Location | Date acquired | Full call number | Barcode | Date last seen | Price effective from | Koha item type |
|---|---|---|---|---|---|---|---|---|---|---|---|
| BMS College of Architecture, Design and Planning | BMS College of Architecture, Design and Planning | 2020-03-03 | 751.4 | CL-UG21815 | 2020-03-03 | 2020-03-03 | UG Books from CL |